Dark Souls & Elden Ring Boss Sudden Death - Statistics

General Stats
  • This quiz has been taken 1,758 times
  • The average score is 9 of 16
Answers on the Grid
Answers color-coded by a green-red scale on the quiz's grid according to % correct below.
Erdtree Knight
Sister Friede
Royal Rat Vanguard
Greirat the Thief
Drakeblood Warrior
Starscourge Radahn
Centipede Demon
Kindred of the Forlorn
Court Mage Eytrim
Soul of Cinder
Necromancer Garris
Gargoyle of the Burnt Tower
Scorpioness Najka
Pinwheel
Fellowship Guardian
Burnt Ivory King
Brigham, Relic of Oolacile
Margit the Fell Omen
Dragonslayer Ornstein
The Chameleon Queen
High Lord Wolnir
Carthus Duelist Jura
Midas of the Golden Order
Elder Huntsman Wilton
The King's Sacred Champion
Bed of Chaos
Maria, Saint of Blood
Frampt, Beast of Yharnam
Nashandra
Putrescent Knight
Golem of Astora
Iudex Gundyr
 
Answer Stats
Answer % Correct
Sister Friede
85%
Starscourge Radahn
76%
Soul of Cinder
69%
Margit the Fell Omen
66%
Centipede Demon
65%
Royal Rat Vanguard
64%
Pinwheel
60%
Bed of Chaos
59%
Dragonslayer Ornstein
57%
Iudex Gundyr
55%
High Lord Wolnir
54%
Burnt Ivory King
51%
Putrescent Knight
47%
Scorpioness Najka
43%
Nashandra
42%
Necromancer Garris
27%
No matching quizzes found
Score Distribution
Percent of People with Each Score
Percentile by Number Answered
Your Score History
You have not taken this quiz